Statistics for The Strokes Lyrics - Reptilia

Click here to take the quiz!

General Stats

  • This quiz has been taken 81 times
  • The average score is 163 of 191

Answer Stats

Lyrics% Correct
a
100%
I
100%
"I
100%
I'm
100%
"You
100%
you,
100%
you
100%
you"
100%
me
98%
me"
98%
no
98%
not
98%
The
97%
the
97%
you're
97%
You're
97%
down,
95%
down
95%
fast
95%
is
94%
don't
92%
going
92%
in
92%
know
92%
please
92%
so
92%
too
92%
He
91%
"Tell
91%
us
91%
said
89%
slow
89%
story,
89%
boring"
88%
by
86%
if
86%
Our
86%
our
86%
was
85%
way
85%
enough
83%
her
83%
Now
83%
now
83%
of
83%
on
83%
sound
83%
this,
83%
this
83%
came
82%
fire
82%
impressed
82%
over,
82%
over
82%
room
82%
strange
82%
would
82%
just
80%
sleepy,
80%
that
80%
town
80%
insist
78%
part
78%
seemed
78%
take
78%
hard
77%
leave
77%
she's
77%
trying
77%
night's
75%
Yeah,
75%
afraid
74%
are
74%
hair
74%
taking
74%
longer
72%
angry,
71%
as
69%
fixing
69%
lives
69%
calm
68%
changing
68%
for
68%
found
68%
wait
68%
off
66%
told
66%
lanes,
65%
laughing,
65%
thought
65%
look
63%
ran
63%
road
63%
world
63%
at
62%
time
62%
drowning
60%
every
58%
myself
55%

Score Distribution

Percentile by Number Answered

Percent of People with Each Score

Your Score History

You have not taken this quiz